Statistics for Top 15 Countries with Covid-19 Deaths - 11 June

Click here to take the quiz!

General Stats

  • This quiz has been taken 17 times
  • The average score is 16 of 20

Answer Stats

country% Correct
Brazil
100%
France
100%
Italy
100%
Russia
100%
United Kingdom
100%
United States
100%
India
94%
Spain
94%
Germany
88%
Canada
82%
Mexico
76%
Netherlands
76%
Belgium
71%
Iran
71%
Portugal
71%
Sweden
71%
Ireland
65%
Peru
53%
Switzerland
53%
Ecuador
41%

Score Distribution

Percentile by Number Answered

Percent of People with Each Score

Your Score History

You have not taken this quiz